| 000 | 00922 a2200217 4500 | ||
|---|---|---|---|
| 005 | 20260213154850.0 | ||
| 008 | 260213b |||||||| |||| 00| 0 eng d | ||
| 020 | _a9788119141937 (hbk) | ||
| 037 | _cTB | ||
| 040 |
_aCRL _cCRL |
||
| 041 |
_2hin _ahin |
||
| 084 |
_aP152:g R4 _qCRL |
||
| 100 |
_aदास, श्यामसुन्दर _9861530 |
||
| 245 | _aहिन्दी भाषा और साहित्य | ||
| 260 |
_aदिल्ली, भारत: _bअनन्य प्रकाशन, _c2024. |
||
| 300 | _a344पृ. | ||
| 650 |
_aहिन्दी भाषा _91115823 |
||
| 650 |
_aहिन्दी साहित्य _91115824 |
||
| 942 |
_cTB _2CC _n0 _hP152:g R4 |
||
| 999 |
_c1466821 _d1466821 |
||